தேநீர் (Record no. 1174)

MARC details
000 -LEADER
fixed length control field 00750 a2200229 4500
010 ## - LIBRARY OF CONGRESS CONTROL NUMBER
LC control number TML-30348
020 ## - INTERNATIONAL STANDARD BOOK NUMBER
International Standard Book Number 8123410654
Terms of availability 100.00
035 ## - SYSTEM CONTROL NUMBER
System control number TM-28584
037 ## - SOURCE OF ACQUISITION
Source of stock number/acquisition D.B.Act / pub /
082 ## - DEWEY DECIMAL CLASSIFICATION NUMBER
Classification number 894.8113
090 ## - LOCALLY ASSIGNED LC-TYPE CALL NUMBER (OCLC); LOCAL CALL NUMBER (OCLC)
-- 1182
-- 1182
100 ## - MAIN ENTRY--PERSONAL NAME
Personal name செல்வராஜ், டி
245 ## - TITLE STATEMENT
Title தேநீர்
Statement of responsibility, etc by டி. செல்வராஜ்
246 ## - VARYING FORM OF TITLE
Title proper/short title Theneer
Remainder of title by D. Selvaraj
250 ## - EDITION STATEMENT
Edition statement 1st ed
260 ## - PUBLICATION, DISTRIBUTION, ETC. (IMPRINT)
Place of publication, distribution, etc Chennai
Name of publisher, distributor, etc New Century Book House
Date of publication, distribution, etc 2006
270 ## - ADDRESS
Address 41b, Sidco Indusrial estate , Ambattur
City Chennai
Postal code 600098
300 ## - PHYSICAL DESCRIPTION
Extent xii. 358p
Dimensions 18cm
650 ## - SUBJECT ADDED ENTRY--TOPICAL TERM
Topical term or geographic name as entry element Tamil Literature
General subdivision Fiction
942 ## - ADDED ENTRY ELEMENTS (KOHA)
Koha item type Tamil Bks
Call number prefix 894.8113 / SEL
Holdings
Withdrawn status Lost status Source of classification or shelving scheme Damaged status Not for loan Collection code Home library Current library Cost, normal purchase price Total Checkouts Full call number Barcode Date last seen Copy number Uniform Resource Identifier Cost, replacement price Price effective from Koha item type
    Dewey Decimal Classification   Not For Loan Non-fiction D.B.Act.Division D.B.Act.Division 100.00   894.8113 TM-28584 15/09/2008 1 1239 100.00 15/09/2008 Tamil Bks

© Delhi Public Library
Hit Counter
free hit counter